000
00309nam a2200133Ia 4500
008
100328s9999 xx 000 0 und d
082
_b
73542
100
_a
Martini Steve.
245
_a
Shadow Of Power.
260
_b
Headline.
630
_a
Shadow Of Power.
730
_a
Shadow Of Power.
942
_c
BOOK
999
_c
559263
_d
559260